00619nam a2200229 c 4500001001300000005001500013008004100028020003400069040001900103056001600122090002300138245009000161260004800251300003900299650003200338650002700370650001900397653007300416700003400489950001100523049001700534KMO20180031620220519135240180808s2017 ulk 000a kor a9788925562469g03590:c\19800 a146043c146043 a512.515626 a512.5156b김53너00a너에게 행복을 선물할게 :b하루 10분 엄마 미술관 /d김선현 지음 a서울 :bRHK(알에이치코리아),c2017 a363 p. :b천연색삽화 ;c23 cm 8a미술 요법[美術療法] 8a명화(그림)[名畵] 8a육아[育兒] a너에게a행복을a선물할게a하루a10분a엄마a미술관1 a김선현,d1968-,g金善賢0 b\198000 lEM0000043266 |
|---|